Estudio de prefactibilidad para instalar en Costa Rica un centro de troquelado de piezas ligeras para la industria eléctrica

Sábháilte in:
Sonraí bibleagrafaíochta
Príomhchruthaitheoir: Alfaro Bolaños, Alfredo
Rannpháirtithe: Luthmer Louzao, Emilio, Wauters Mac Gregor, German
Formáid: Tráchtas LEABHAR
Foilsithe / Cruthaithe: 1992
Ábhair:
Clibeanna: Cuir clib leis
Níl clibeanna ann, Bí ar an gcéad duine le clib a chur leis an taifead seo!

MARC

LEADER 00000nam a2200000Ia 4500
003 005514
005 20221231144320.0
008 140114s1992 cr a m 000 ||s d
040 |c cru CEDI 
090 |a TFG 2645 
100 |a Alfaro Bolaños, Alfredo  |9 12318 
245 |a Estudio de prefactibilidad para instalar en Costa Rica un centro de troquelado de piezas ligeras para la industria eléctrica  
260 |c 1992 
300 |a  v, [148] hojas : ilustraciones ; 28 cm.  
500 |a  Proyecto de graduacion (licenciatura en ingenieria mecanica)--Universidad de Costa Rica. Facultad de Ingeniería. Escuela de Ingenieria Mecanica 
502 |a Escuela de ingenieria Mecanica 
650 |x TROQUELES - INDUSTRIA Y COMERCIO  |9 12321 
700 |9 12319  |a Luthmer Louzao, Emilio 
700 |9 12320  |a Wauters Mac Gregor, German 
942 |c TFG 
999 |c 20044  |d 20044